000 01013nam0a22002651 4500
001 rc\2173026
005 20250623000048.0
035 _a(NLR Aleph) 006482188
090 _a6045248
_c6045248
100 _a20110829d1978 |||y0rusy50 ca
101 1 _arus
_cale
102 _aRU
105 _aa z |||||
200 1 _aБольшое путешествие маленького мышонка
_e[Сказка эскимосов Аляски
_eДля дошк. возраста
_fПер. К. Чемена
_gОбраб. З. Задунайской
_gХудож. М. Меженинов]
210 _aМосква
_cМалыш
_d1978
215 _a1 л., слож. в [10] с.
_cцв. ил.
_d24
700 1 _aЗадунайская
_bЗ.М.
_f1903-1983
_gЗоя Моисеевна
702 1 _aЗадунайская
_bЗ.
_4570
702 1 _aЧемен
_bК.
_4730
702 1 _aМеженинов
_bМ.
_4440
801 0 _aRU
_bNLR
_gpsbo
801 1 _aRU
_bELAR
_2rusmarc
852 _aNLR
_j79-7/190
942 _cBOOK
980 _aNB